Virginia A-Z - Statistics

General Stats
  • This quiz has been taken 135 times
    127 since last reset
  • The average score is 16 of 26
Answer Stats
Letter Hint Answer % Correct
C Bay Separating Eastern Shore From Mainland Virginia Chesapeake
96%
R Capital of Virginia Richmond
95%
L State Tourism Slogan: Virginia is for ______ Lovers
90%
V Largest City Virginia Beach
88%
U University Founded by Thomas Jefferson University of Virginia
85%
H Meat Product Associated with Smithfield Ham
82%
Y Final Battle of the Revolutionary War Yorktown
81%
E Person Who is the (Indirect) Namesake of Virginia Elizabeth I
79%
O State Nickname Old Dominion
79%
F Largest County Fairfax
76%
A Tennis Player and Civil Rights Activist Born in Richmond Arthur Ashe
75%
D Lower Chamber of State Legislature: House of ______ Delegates
75%
Q Location of FBI Academy in Stafford County Quantico
75%
J Confederate General who taught at Virginia Military Institute Stonewall Jackson
66%
K Third Most Spoken Language, After English and Spanish Korean
63%
M State Beverage Milk
61%
P Native American Tribe that Included Pochahontas Powhatan
59%
B First Battle of the American Civil War Battle of Bull Run
58%
S State Motto Sic Semper Tyrannis
55%
I Pre-Slavery Labor Practice Abolished After Bacon's Rebellion Indentured Servitude
48%
N Government Agency With Facilities on Wallop's Island NASA
46%
G Swamp on the Virginia-North Carolina Border Great Dismal Swamp
42%
X Virginian John Marshall Participated in this Political Scandal XYZ Affair
18%
W First Female Bank President in the United States Maggie Walker
11%
T State Insect Tiger Swallowtail Butterfly
4%
Z State Popular Song Sweet Virginia Breeze
2%
No matching quizzes found
Score Distribution
Percent of People with Each Score
Percentile by Number Answered
Your Score History
You have not taken this quiz since the last reset